000 00489nam a2200169 4500
001 113374
003 ES-MaACL
005 20230906185851.0
007 t|
008 061121s1971 sp r ||||1| spa d
100 1 _aNitsche, Roland.
_985780
245 1 3 _aEl dinero /
_cRoland Nitsche ; traducción de Ana Inés Bonnín.
260 _aBarcelona :
_bNoguer,
_c1971.
300 _a127 p. :
_bil. ;
_c26 cm.
700 1 _aBonnin, Ana Inés.
_930281
852 _aES-MaACL
_jC-39048
_bR.79559
999 _c113374
_d113374